[Event "Benidorm FEDC op 22th"]
[Site "Benidorm"]
[Date "2019.06.14"]
[Round "6"]
[White "Barroso Vilanova, Daniel"]
[Black "Garcia Andrinal, Antonio"]
[Result "1/2-1/2"]
[WhiteElo "1542"]
[BlackElo "1666"]
[PlyCount "31"]
[EventDate "2019.06.09"]
[EventType "swiss"]
[EventRounds "7"]
[EventCountry "ESP"]
[SourceTitle "EXT 2024"]
[Source "ChessBase"]
[SourceDate "2023.10.10"]
[SourceVersion "1"]
[SourceVersionDate "2023.10.10"]
[SourceQuality "1"]

1. Nf3 c5 2. c4 Nf6 3. b3 e6 4. Bb2 Nc6 5. e3 d6 6. Be2 Be7 7. 0-0 0-0 8. d4 cxd4 9. Nxd4 Ne5 10. Nc3 Ng6 11. Bf3 a6 12. Qc2 Rb8 13. Rfd1 Qc7 14. Rd2 e5 15. Nde2 Be6 16. Nd5 1/2-1/2

[Event "Foment Martinenc op-B 20th"]
[Site "Barcelona"]
[Date "2018.04.21"]
[Round "1"]
[White "Barroso Vilanova, Daniel"]
[Black "Martinez Lopez, Ramon"]
[Result "1-0"]
[WhiteElo "1549"]
[BlackElo "1759"]
[PlyCount "109"]
[EventDate "2018.04.21"]
[EventType "swiss"]
[EventRounds "9"]
[EventCountry "ESP"]
[SourceTitle "CBM 184 Extra"]
[Source "ChessBase"]
[SourceDate "2018.06.28"]
[SourceVersion "1"]
[SourceVersionDate "2018.06.28"]
[SourceQuality "1"]

1. d4 Nf6 2. Nf3 c5 3. c3 e6 4. Bg5 d5 5. Nbd2 Nbd7 6. e3 Bd6 7. Bd3 e5 8. Bb5 Qe7 9. dxe5 Bxe5 10. Nxe5 Qxe5 11. Nf3 Qd6 12. Bxf6 Qxf6 13. Qxd5 a6 14. Bxd7+ Bxd7 15. Qxc5 Rc8 16. Qe5+ Qxe5 17. Nxe5 Bc6 18. Nxc6 Rxc6 19. 0-0-0 Ke7 20. Rd4 Rb8 21. Rhd1 Rc7 22. Kc2 b5 23. Kb3 Rb6 24. Kb4 Rg6 25. Re4+ Kf6 26. Rd6+ Kf5 27. Rf4+ Ke5 28. Rxg6 hxg6 29. Ka5 g5 30. Rd4 Rc6 31. Rd7 Rf6 32. f3 g4 33. f4+ Ke4 34. Re7+ Re6 35. Rxe6+ fxe6 36. Kxa6 Kxe3 37. g3 Kf2 38. Kxb5 Kg2 39. a4 Kxh2 40. a5 Kxg3 41. a6 Kh2 42. a7 g3 43. a8Q g2 44. Qxg2+ Kxg2 45. c4 Kf3 46. c5 Kxf4 47. c6 e5 48. c7 e4 49. c8Q e3 50. Qc4+ Kg3 51. Qe2 Kf4 52. Kc5 g5 53. Kd4 g4 54. Qxe3+ Kf5 55. Kd5 1-0

[Event "ESP-ch FEDC 26th"]
[Site "Ciudad Real"]
[Date "2017.11.19"]
[Round "8.17"]
[White "Barroso Vilanova, Daniel"]
[Black "Balmiza Jimenez, Francisco"]
[Result "1/2-1/2"]
[WhiteElo "1494"]
[BlackElo "1708"]
[PlyCount "47"]
[EventDate "2017.11.12"]
[EventType "swiss"]
[EventRounds "8"]
[EventCountry "ESP"]
[SourceTitle "EXT 2024"]
[Source "ChessBase"]
[SourceDate "2023.10.10"]
[SourceVersion "1"]
[SourceVersionDate "2023.10.10"]
[SourceQuality "1"]

1. d4 d5 2. Nc3 e6 3. Bf4 c6 4. Nf3 Nf6 5. e3 Qa5 6. a3 Ne4 7. Qd3 Bb4 8. Nd2 Nxc3 9. bxc3 Bxc3 10. Ra2 Bxd2+ 11. Qxd2 Qxd2+ 12. Kxd2 0-0 13. Be2 Nd7 14. a4 Re8 15. c3 e5 16. Bg3 f6 17. a5 Rb8 18. Rb1 b5 19. axb6 axb6 20. c4 Bb7 21. cxd5 cxd5 22. Bb5 Rbd8 23. Bxd7 Rxd7 24. Rxb6 1/2-1/2

[Event "ESP-ch FEDC 26th"]
[Site "Ciudad Real"]
[Date "2017.11.12"]
[Round "1.17"]
[White "Diez Asensio, Jesus"]
[Black "Barroso Vilanova, Daniel"]
[Result "1-0"]
[WhiteElo "1833"]
[BlackElo "1494"]
[PlyCount "41"]
[EventDate "2017.11.12"]
[EventType "swiss"]
[EventRounds "8"]
[EventCountry "ESP"]
[SourceTitle "EXT 2024"]
[Source "ChessBase"]
[SourceDate "2023.10.10"]
[SourceVersion "1"]
[SourceVersionDate "2023.10.10"]
[SourceQuality "1"]

1. d4 d5 2. c4 e6 3. Nf3 Nf6 4. g3 Be7 5. Bg2 0-0 6. 0-0 b6 7. Qc2 Bb7 8. cxd5 exd5 9. Nc3 Na6 10. Bf4 c5 11. Rfc1 c4 12. Ne5 Nc7 13. Nxc4 dxc4 14. Bxb7 Rb8 15. Bg2 b5 16. e4 Rb6 17. Rd1 Ne6 18. Be3 Ng4 19. Bc1 Nxd4 20. Qb1 Bc5 21. Bf4 1-0

[Event "Foment Martinenc op-B 19st"]
[Site "Barcelona"]
[Date "2017.05.13"]
[Round "4.21"]
[White "Barroso Vilanova, Daniel"]
[Black "Gonzalez Muelas, Javier"]
[Result "1-0"]
[WhiteElo "1583"]
[BlackElo "1712"]
[PlyCount "63"]
[EventDate "2017.04.22"]
[EventType "swiss"]
[EventRounds "9"]
[EventCountry "ESP"]
[SourceTitle "EXT 2024"]
[Source "ChessBase"]
[SourceDate "2023.10.10"]
[SourceVersion "1"]
[SourceVersionDate "2023.10.10"]
[SourceQuality "1"]

1. d4 d5 2. Nc3 Nf6 3. Bg5 Nbd7 4. Qd2 c6 5. 0-0-0 e6 6. f3 Qa5 7. Kb1 Bb4 8. a3 Bxc3 9. Qxc3 Qxc3 10. bxc3 Nb6 11. e3 Na4 12. Ne2 b5 13. Ka2 a5 14. Bh4 Ba6 15. Be1 c5 16. Ng3 b4 17. cxb4 axb4 18. Bxa6 Rxa6 19. dxc5 Nc3+ 20. Bxc3 Rxa3+ 21. Kb2 Rxc3 22. Rd4 Rxe3 23. Rxb4 0-0 24. Rb3 Re5 25. Kc3 Nd7 26. Kd4 f6 27. f4 Rf5 28. Nxf5 exf5 29. c6 Nb8 30. Kc5 Na6+ 31. Kb6 Nb8 32. c7 1-0

[Event "Madrid FEDC-ch 25th"]
[Site "Madrid"]
[Date "2016.11.10"]
[Round "5"]
[White "Barroso Vilanova, Daniel"]
[Black "Martinez Morina, Manel"]
[Result "0-1"]
[WhiteElo "1562"]
[BlackElo "1696"]
[PlyCount "38"]
[EventDate "2016.11.06"]
[EventType "swiss"]
[EventRounds "8"]
[EventCountry "ESP"]
[SourceTitle "CBM 175 Extra"]
[Source "ChessBase"]
[SourceDate "2016.12.12"]
[SourceVersion "1"]
[SourceVersionDate "2016.12.12"]
[SourceQuality "1"]

1. e4 d5 2. exd5 Nf6 3. d4 Bg4 4. Bb5+ c6 5. dxc6 bxc6 6. Be2 Bxe2 7. Nxe2 e6 8. Nbc3 Be7 9. 0-0 0-0 10. Qd3 Nbd7 11. Bf4 Qa5 12. Ne4 Rfd8 13. Nxf6+ Nxf6 14. Rfd1 Rac8 15. Qf3 c5 16. Qb7 Nd5 17. Bd2 Qa4 18. Nc3 Nxc3 19. Bxc3 Bf6 0-1

[Event "Madrid FEDC-ch 25th"]
[Site "Madrid"]
[Date "2016.11.08"]
[Round "3"]
[White "Barroso Vilanova, Daniel"]
[Black "Balmiza Jimenez, Francisco"]
[Result "0-1"]
[WhiteElo "1562"]
[BlackElo "1681"]
[PlyCount "98"]
[EventDate "2016.11.06"]
[EventType "swiss"]
[EventRounds "8"]
[EventCountry "ESP"]
[SourceTitle "CBM 175 Extra"]
[Source "ChessBase"]
[SourceDate "2016.12.12"]
[SourceVersion "1"]
[SourceVersionDate "2016.12.12"]
[SourceQuality "1"]

1. e4 c5 2. Nc3 Nc6 3. f4 e6 4. Bb5 Nd4 5. Nf3 Nxb5 6. Nxb5 a6 7. Nc3 d6 8. d3 Ne7 9. 0-0 Nc6 10. Qe1 Be7 11. Qg3 0-0 12. Be3 d5 13. exd5 exd5 14. Bd2 Bf5 15. Nd1 d4 16. b3 Bf6 17. Nb2 b5 18. a4 Re8 19. Rfe1 Qd7 20. Ne5 Qd5 21. Nxc6 Qxc6 22. Rxe8+ Rxe8 23. Re1 Rxe1+ 24. Qxe1 Qe6 25. Qxe6 Bxe6 26. axb5 axb5 27. h3 Kf8 28. g4 h6 29. Nd1 Ke8 30. Kg2 Bh4 31. Nf2 Be7 32. f5 Bd5+ 33. Kg3 c4 34. bxc4 bxc4 35. dxc4 Bxc4 36. Nd3 Bf6 37. Kf3 Bd5+ 38. Kf4 Bg2 39. Kg3 Bc6 40. Bf4 Ba4 41. Be5 Bxc2 42. Bxf6 gxf6 43. Nb4 d3 44. Nxd3 Bxd3 45. h4 Ke7 46. Kf4 Bc2 47. g5 h5 48. g6 fxg6 49. fxg6 Bxg6 0-1

[Event "Madrid FEDC-ch 25th"]
[Site "Madrid"]
[Date "2016.11.06"]
[Round "1"]
[White "Barroso Vilanova, Daniel"]
[Black "Diez Asensio, Jesus"]
[Result "1/2-1/2"]
[WhiteElo "1562"]
[BlackElo "1842"]
[PlyCount "65"]
[EventDate "2016.11.06"]
[EventType "swiss"]
[EventRounds "8"]
[EventCountry "ESP"]
[SourceTitle "CBM 175 Extra"]
[Source "ChessBase"]
[SourceDate "2016.12.12"]
[SourceVersion "1"]
[SourceVersionDate "2016.12.12"]
[SourceQuality "1"]

1. e4 c5 2. Nc3 Nc6 3. Bb5 Nd4 4. Nf3 Nxb5 5. Nxb5 a6 6. Nc3 e6 7. d4 cxd4 8. Qxd4 Qc7 9. Be3 Ne7 10. 0-0 Nc6 11. Qd3 Be7 12. a3 0-0 13. Na4 b5 14. Nb6 Rb8 15. Nxc8 Rfxc8 16. Rfd1 d6 17. Bf4 e5 18. Bd2 a5 19. c3 b4 20. cxb4 axb4 21. Rac1 Qb7 22. Rc4 bxa3 23. bxa3 Nd8 24. Rxc8 Rxc8 25. Bb4 Ne6 26. Nd2 Nc5 27. Qe2 Bg5 28. f3 Ne6 29. Qd3 Qb6+ 30. Kh1 Nc5 31. Qd5 Be7 32. Nc4 Qc7 33. h3 1/2-1/2

[Event "Valladolid Once-ch 23rd"]
[Site "Valladolid"]
[Date "2012.11.25"]
[Round "8"]
[White "Barroso Vilanova, Daniel"]
[Black "Martinez Colomar, Alejandro"]
[Result "0-1"]
[WhiteElo "1528"]
[BlackElo "1796"]
[PlyCount "52"]
[EventDate "2012.11.18"]
[EventType "swiss"]
[EventRounds "8"]
[EventCountry "ESP"]
[SourceTitle "CBM 151 Extra"]
[Source "ChessBase"]
[SourceDate "2012.12.18"]
[SourceVersion "1"]
[SourceVersionDate "2012.12.18"]
[SourceQuality "1"]

1. e4 c5 2. Nf3 d6 3. d4 cxd4 4. Nxd4 Nf6 5. Nc3 g6 6. Bc4 Bg7 7. Be3 0-0 8. f3 Nc6 9. Qd2 Nxd4 10. Bxd4 Be6 11. Nd5 Nxd5 12. Bxg7 Kxg7 13. Bxd5 Bxd5 14. Qxd5 Qb6 15. 0-0-0 Kg8 16. Qd4 Qa6 17. Kb1 Rfc8 18. Qd3 Qb6 19. Qd4 Rc5 20. Rhe1 Rac8 21. Re2 Qc6 22. c3 Ra5 23. g4 Qa6 24. b4 Qxe2 25. bxa5 Rc5 26. Rd2 Qf1+ 0-1

[Event "Benidorm FEDC op 12th"]
[Site "Benidorm"]
[Date "2012.06.18"]
[Round "2"]
[White "Barroso Vilanova, Daniel"]
[Black "Salas Rasilla, Concepcion"]
[Result "0-1"]
[WhiteElo "1565"]
[BlackElo "1742"]
[PlyCount "52"]
[EventDate "2012.06.17"]
[EventType "swiss"]
[EventRounds "7"]
[EventCountry "ESP"]
[SourceTitle "EXT 2024"]
[Source "ChessBase"]
[SourceDate "2023.10.10"]
[SourceVersion "1"]
[SourceVersionDate "2023.10.10"]
[SourceQuality "1"]

1. e4 c5 2. Nf3 e6 3. d4 cxd4 4. Nxd4 a6 5. Be2 Nf6 6. Nc3 Qc7 7. 0-0 Nc6 8. Be3 Be7 9. f4 d6 10. Qe1 Bd7 11. Qg3 0-0 12. Nxc6 Bxc6 13. Bf3 Rfd8 14. Rf2 b5 15. a3 Bb7 16. Rd2 Bf8 17. Bd4 Nd7 18. Be3 Nb6 19. b3 d5 20. exd5 Bc5 21. Bxc5 Qxc5+ 22. Kh1 Qxc3 23. d6 Bxf3 24. gxf3 Nd5 25. Qg5 Qxf3+ 26. Kg1 Qxf4 0-1

[Event "Benidorm Once Cup tt"]
[Site "Benidorm"]
[Date "2011.11.13"]
[Round "1.4"]
[White "Lago Carballo, Carmen"]
[Black "Barroso Vilanova, Daniel"]
[Result "0-1"]
[WhiteElo "1463"]
[BlackElo "1579"]
[PlyCount "44"]
[EventDate "2011.11.13"]
[EventType "team-tourn"]
[EventRounds "7"]
[EventCountry "ESP"]
[SourceTitle "CBM 145 Extra"]
[Source "ChessBase"]
[SourceDate "2012.01.03"]
[SourceVersion "1"]
[SourceVersionDate "2012.01.03"]
[SourceQuality "1"]
[WhiteTeam "Vigo Universidad"]
[BlackTeam "Barcelona II"]
[WhiteTeamCountry "ESP"]
[BlackTeamCountry "ESP"]

1. e4 e5 2. Nf3 Nc6 3. Bb5 f5 4. Bxc6 dxc6 5. Nxe5 Qd4 6. Nf3 Qxe4+ 7. Qe2 Qxe2+ 8. Kxe2 Nf6 9. Re1 Bd6 10. Kf1+ Kf7 11. d3 Rf8 12. Nc3 b6 13. Ne5+ Bxe5 14. Rxe5 Ng4 15. Re2 Nxh2+ 16. Kg1 Ng4 17. Bf4 Bb7 18. Bxc7 Rae8 19. Rae1 Rxe2 20. Rxe2 Re8 21. Rd2 c5 22. Nb5 Re1# 0-1